| 000 | 00491nam a22002057a 4500 | ||
|---|---|---|---|
| 005 | 20230316145503.0 | ||
| 008 | 230216b |||||||| |||| 00| 0 eng d | ||
| 020 | _cRs.80.00 | ||
| 040 | _aLoreto College | ||
| 041 | _aBengali | ||
| 082 |
_a891.44B _bDIP-ALI |
||
| 100 | _aAli, Ekram | ||
| 245 |
_aAtish Dipankar _cEkram Ali |
||
| 260 |
_aKolkata _bPapyrus _c2018 |
||
| 300 | _a68p | ||
| 600 | _aAtish Dipankar | ||
| 650 | _aAtish Dipankar-Biography | ||
| 850 | _aLCLIB | ||
| 942 | _cBK | ||
| 999 |
_c43143 _d93622 |
||